[Event "Tula"]
[Site "Tula"]
[Date "2018.04.10"]
[Round "2"]
[White "Albertin, Anatoly"]
[Black "Moiseev, Viktor"]
[Result "0-1"]
[WhiteElo "1957"]
[BlackElo "2405"]
[PlyCount "56"]
[EventDate "2018.04.09"]
[EventType "tourn"]
[EventRounds "13"]
[EventCountry "RUS"]
[EventCategory "2"]
[SourceTitle "CBM 184 Extra"]
[Source "ChessBase"]
[SourceDate "2018.06.28"]
[SourceVersion "1"]
[SourceVersionDate "2018.06.28"]
[SourceQuality "1"]

1. e4 c5 2. c3 d5 3. exd5 Qxd5 4. d4 Nc6 5. Nf3 Bg4 6. Be2 e5 7. Na3 cxd4 8. Nb5 0-0-0 9. cxd4 Bxf3 10. gxf3 exd4 11. Bd3 a6 12. Na3 Qe6+ 13. Kf1 Qh3+ 14. Kg1 Bd6 15. Bf1 Qh5 16. Bd2 Qg6+ 17. Bg2 Nf6 18. f4 Ne4 19. h4 Kb8 20. Nc4 Rhe8 21. Rh3 Bc7 22. Rc1 d3 23. h5 Qf5 24. Be3 Nd4 25. Bxd4 Rxd4 26. Ne3 Qb5 27. Bxe4 Rexe4 28. f5 Qxb2 0-1

[Event "Tula Sinitsin Memorial"]
[Site "Tula"]
[Date "2010.05.??"]
[Round "16"]
[White "Albertin, Anatoly"]
[Black "Semenov, Nikolai"]
[Result "1-0"]
[WhiteElo "2122"]
[BlackElo "2091"]
[PlyCount "119"]
[EventDate "2010.04.??"]
[EventType "tourn"]
[EventRounds "17"]
[EventCountry "RUS"]
[SourceTitle "EXT 2012"]
[Source "ChessBase"]
[SourceDate "2011.11.24"]
[SourceVersion "1"]
[SourceVersionDate "2011.11.24"]
[SourceQuality "1"]

1. Nf3 d5 2. d4 Nf6 3. g3 Bf5 4. Bg2 e6 5. 0-0 Nbd7 6. Nbd2 h6 7. c3 Be7 8. Re1 Ne4 9. Nf1 c6 10. N3d2 Nd6 11. f3 Bg6 12. e4 dxe4 13. Nxe4 0-0 14. Nxd6 Bxd6 15. Be3 Qc7 16. Bf2 Rfe8 17. f4 c5 18. Qf3 Rab8 19. d5 exd5 20. Qxd5 Rxe1 21. Rxe1 Nf6 22. Qd2 Rd8 23. Qc1 Ng4 24. h3 Nxf2 25. Kxf2 c4 26. Kg1 Bc5+ 27. Kh2 Bd3 28. Ne3 h5 29. b3 b5 30. b4 Bd6 31. Nd5 Qb8 32. Qe3 Kf8 33. Bf3 Bg6 34. h4 f6 35. Ne7 Bxe7 36. Qxe7+ Kg8 37. Qe6+ Bf7 38. Qf5 Rd2+ 39. Kh3 Rxa2 40. Be4 g6 41. Qxf6 Qb6 42. Qxb6 axb6 43. f5 gxf5 44. Bxf5 Bd5 45. Be6+ Bxe6+ 46. Rxe6 Rc2 47. Rxb6 Rxc3 48. Rxb5 Rb3 49. Rxh5 Rxb4 50. Rc5 Kf7 51. h5 Ke7 52. h6 Kd6 53. h7 Kxc5 54. h8Q Rb3 55. Qe5+ Kb4 56. Qd4 Rd3 57. Qb6+ Ka3 58. Qa5+ Kb3 59. Qb5+ Kc3 60. Kg4 1-0

[Event "Tula Sinitsin Memorial"]
[Site "Tula"]
[Date "2010.04.??"]
[Round "2"]
[White "Kinin, Igor"]
[Black "Albertin, Anatoly"]
[Result "0-1"]
[WhiteElo "2019"]
[BlackElo "2122"]
[PlyCount "64"]
[EventDate "2010.04.??"]
[EventType "tourn"]
[EventRounds "17"]
[EventCountry "RUS"]
[SourceTitle "EXT 2012"]
[Source "ChessBase"]
[SourceDate "2011.11.24"]
[SourceVersion "1"]
[SourceVersionDate "2011.11.24"]
[SourceQuality "1"]

1. d4 Nf6 2. c4 g6 3. Nc3 Bg7 4. e4 d6 5. f3 0-0 6. Be3 c6 7. Qd2 Nbd7 8. Nge2 e5 9. h4 exd4 10. Nxd4 Qe7 11. g4 h5 12. gxh5 Nxh5 13. Bg5 f6 14. Bh6 Ne5 15. Be2 Ng3 16. Rh2 Nxe2 17. Bxg7 Nxd4 18. Bxf8 Qxf8 19. Qg2 Ndxf3+ 20. Kd1 Nxh2 21. Qxh2 Bg4+ 22. Kc2 Qh6 23. Kb3 Be6 24. Rd1 Bxc4+ 25. Kc2 Rd8 26. b3 Be6 27. Rf1 Kf7 28. Qf2 Ng4 29. Qd2 Qxd2+ 30. Kxd2 d5 31. exd5 Bxd5 32. Nxd5 Rxd5+ 0-1

[Event "Tula Region-ch op"]
[Site "Tula"]
[Date "2008.08.08"]
[Round "8"]
[White "Ganin, Alexander"]
[Black "Albertin, Anatoly"]
[Result "1/2-1/2"]
[WhiteElo "1945"]
[BlackElo "2134"]
[PlyCount "62"]
[EventDate "2008.08.01"]
[EventType "swiss"]
[EventRounds "9"]
[EventCountry "RUS"]
[SourceTitle "EXT 2022"]
[Source "ChessBase"]
[SourceDate "2021.10.06"]
[SourceVersion "1"]
[SourceVersionDate "2021.10.06"]
[SourceQuality "1"]

1. Nf3 Nf6 2. c4 g6 3. Nc3 Bg7 4. e4 d6 5. d4 c6 6. Be2 0-0 7. Bg5 Na6 8. 0-0 Nc7 9. d5 h6 10. Be3 Ng4 11. Bd4 c5 12. Bxg7 Kxg7 13. Nd2 Nf6 14. f4 Nd7 15. Nf3 f6 16. Bd3 Rg8 17. Qe2 e5 18. dxe6 Nxe6 19. Qe3 Re8 20. Rfe1 Nc7 21. Qf2 Qe7 22. Qg3 Nf8 23. Nh4 g5 24. Re2 Qf7 25. e5 dxe5 26. fxe5 Kh8 27. Nf5 Bxf5 28. Bxf5 Nce6 29. Bxe6 Nxe6 30. exf6 Qxf6 31. Rae1 Ng7 1/2-1/2

[Event "Tula Region-ch op"]
[Site "Tula"]
[Date "2008.08.03"]
[Round "?"]
[White "Albertin, Anatoly"]
[Black "Smirnov, Alexander1111"]
[Result "0-1"]
[WhiteElo "2134"]
[BlackElo "2206"]
[PlyCount "80"]
[EventDate "2008.08.01"]
[EventType "swiss"]
[EventRounds "9"]
[EventCountry "RUS"]
[SourceTitle "EXT 2022"]
[Source "ChessBase"]
[SourceDate "2021.10.06"]
[SourceVersion "1"]
[SourceVersionDate "2021.10.06"]
[SourceQuality "1"]

1. e4 c5 2. Nf3 e6 3. d4 cxd4 4. Nxd4 Nf6 5. Bd3 a6 6. 0-0 d6 7. c3 Be7 8. Re1 0-0 9. Nd2 e5 10. Nc2 Nc6 11. Ne3 Be6 12. g3 d5 13. exd5 Nxd5 14. Nxd5 Bxd5 15. Qh5 g6 16. Qe2 f5 17. Bc4 e4 18. Bxd5+ Qxd5 19. f3 Bc5+ 20. Kh1 Rae8 21. fxe4 fxe4 22. Qc4 Qxc4 23. Nxc4 b5 24. Be3 Bxe3 25. Nxe3 Rf2 26. Ng4 Rff8 27. Rf1 Kg7 28. Rxf8 Rxf8 29. Rd1 h5 30. Rd7+ Kh8 31. Rd6 hxg4 32. Rxc6 e3 33. Re6 Rf1+ 34. Kg2 Rf2+ 35. Kg1 Rxb2 36. Rxe3 Rxa2 37. Re4 Rc2 38. Re6 a5 39. Rb6 a4 40. Rxb5 a3 0-1

[Event "Tula Region-ch op"]
[Site "Tula"]
[Date "2008.08.02"]
[Round "2"]
[White "Albertin, Anatoly"]
[Black "Aleshin, Nikolay"]
[Result "1/2-1/2"]
[WhiteElo "2134"]
[BlackElo "2342"]
[PlyCount "79"]
[EventDate "2008.08.01"]
[EventType "swiss"]
[EventRounds "9"]
[EventCountry "RUS"]
[SourceTitle "EXT 2022"]
[Source "ChessBase"]
[SourceDate "2021.10.06"]
[SourceVersion "1"]
[SourceVersionDate "2021.10.06"]
[SourceQuality "1"]

1. e4 c5 2. Nf3 e6 3. d4 cxd4 4. Nxd4 a6 5. Nc3 b5 6. Be3 Bb7 7. f3 Qc7 8. Bd3 Bb4 9. Nde2 Bc5 10. Qd2 Qb6 11. Kf2 d6 12. b4 Bxe3+ 13. Qxe3 Qxe3+ 14. Kxe3 Nc6 15. Rhb1 Nge7 16. a4 bxa4 17. Rxa4 Ne5 18. b5 Nxd3 19. cxd3 axb5 20. Rxb5 Rxa4 21. Nxa4 Bc8 22. Nb6 0-0 23. Ra5 Nc6 24. Ra8 Bb7 25. Rxf8+ Kxf8 26. d4 Ke7 27. d5 Nb4 28. dxe6 fxe6 29. Nd4 g6 30. Nb5 Nc2+ 31. Kd2 Nb4 32. Kc3 Nc6 33. Nc4 d5 34. exd5 exd5 35. Nb6 Ne5 36. Kd4 Ke6 37. Nc7+ Kd6 38. Ne8+ Ke6 39. Nc7+ Kd6 40. Ne8+ 1/2-1/2

[Event "Tula Region-ch op"]
[Site "Tula"]
[Date "2008.08.01"]
[Round "1"]
[White "Tkachenko, Evgeny D"]
[Black "Albertin, Anatoly"]
[Result "0-1"]
[WhiteElo "2122"]
[BlackElo "2134"]
[PlyCount "106"]
[EventDate "2008.08.01"]
[EventType "swiss"]
[EventRounds "9"]
[EventCountry "RUS"]
[SourceTitle "EXT 2022"]
[Source "ChessBase"]
[SourceDate "2021.10.06"]
[SourceVersion "1"]
[SourceVersionDate "2021.10.06"]
[SourceQuality "1"]

1. Nf3 Nf6 2. g3 g6 3. Bg2 Bg7 4. 0-0 0-0 5. d3 d6 6. c4 e5 7. Nc3 c6 8. e4 Na6 9. d4 exd4 10. Nxd4 Nc5 11. Re1 Ne6 12. Be3 Nxd4 13. Bxd4 Be6 14. Qd3 Qc7 15. Rac1 Rfd8 16. Nd5 Bxd5 17. cxd5 Ne8 18. b4 Qd7 19. Bxg7 Nxg7 20. dxc6 bxc6 21. Qa6 Rab8 22. Rxc6 Rxb4 23. Rd1 Ne8 24. e5 Qg4 25. Qd3 Rb6 26. Rxb6 axb6 27. Bc6 Qe6 28. Qb5 d5 29. Bxd5 Nc7 30. Qb3 Rxd5 31. Re1 Ra5 32. Qc2 Rxe5 33. Rf1 Rc5 34. Qd2 Qd5 35. Qb2 Qc6 36. Qd4 Ne6 37. Qe3 Ng5 38. f3 Qe6 39. Qd2 Qd5 40. Qg2 Rc3 41. f4 Qxg2+ 42. Kxg2 Rc2+ 43. Kh1 Ne4 44. Re1 f5 45. a3 b5 46. Ra1 Kf7 47. Kg1 Ke6 48. a4 b4 49. a5 b3 50. a6 b2 51. Re1 Rc1 52. a7 Rxe1+ 53. Kg2 Ra1 0-1

[Event "Tula CC-ch"]
[Site "Tula"]
[Date "2007.12.19"]
[Round "4"]
[White "Tkachev, Grigory"]
[Black "Albertin, Anatoly"]
[Result "1-0"]
[WhiteElo "2041"]
[BlackElo "2172"]
[PlyCount "71"]
[EventDate "2007.12.08"]
[EventType "swiss"]
[EventRounds "9"]
[EventCountry "RUS"]
[SourceTitle "CBM 122 Extra"]
[Source "ChessBase"]
[SourceDate "2008.03.04"]
[SourceVersion "1"]
[SourceVersionDate "2008.03.04"]
[SourceQuality "1"]

1. Nf3 d5 2. g3 Nf6 3. Bg2 g6 4. 0-0 Bg7 5. d4 0-0 6. c4 e6 7. Nc3 c6 8. b3 Re8 9. Qc2 Nbd7 10. Bb2 Nf8 11. Rad1 Bd7 12. e4 dxe4 13. Nxe4 Nxe4 14. Qxe4 Qc7 15. Ne5 Rad8 16. Qf4 Bc8 17. Nxg6 e5 18. Nxe5 c5 19. Nd3 Qxf4 20. Nxf4 cxd4 21. Nd5 Ne6 22. Rd2 b5 23. Ba3 Ba6 24. Ne7+ Kh8 25. Bc6 bxc4 26. bxc4 Bxc4 27. Rc1 Ba6 28. Bxe8 Rxe8 29. Nf5 Bf6 30. Nd6 Rb8 31. Nxf7+ Kg7 32. Nd6 Ng5 33. Kg2 Ne6 34. Rc6 Bb7 35. Nxb7 Rxb7 36. Rxe6 1-0

[Event "Tula Region-ch Seniors"]
[Site "Tula"]
[Date "2007.09.21"]
[Round "7"]
[White "Andrianov, Vyacheslav"]
[Black "Albertin, Anatoly"]
[Result "1/2-1/2"]
[WhiteElo "2160"]
[BlackElo "2172"]
[PlyCount "71"]
[EventDate "2007.09.15"]
[EventType "swiss"]
[EventRounds "9"]
[EventCountry "RUS"]
[SourceTitle "EXT 2009"]
[Source "ChessBase"]
[SourceDate "2008.11.26"]
[SourceVersion "1"]
[SourceVersionDate "2008.11.26"]
[SourceQuality "1"]

1. d4 d5 2. Nf3 Nf6 3. Bg5 e6 4. e3 Be7 5. Bd3 0-0 6. 0-0 b6 7. Qe2 Bb7 8. Nbd2 Nbd7 9. c3 c5 10. Rfd1 Qc7 11. Rac1 Rac8 12. Nf1 h6 13. Bh4 Bd6 14. Bg3 e5 15. Bf5 Rce8 16. dxe5 Nxe5 17. N1d2 Nxf3+ 18. Nxf3 Bxg3 19. hxg3 Re7 20. Bc2 Qc8 21. Nh4 Qg4 22. Qxg4 Nxg4 23. Rd2 Ne5 24. Bb3 c4 25. Nf5 Re6 26. Bc2 g6 27. Nd4 Re7 28. Ne2 Rd7 29. Rcd1 Rfd8 30. Nf4 Kf8 31. Kf1 Ke7 32. f3 b5 33. Ke2 h5 34. Nh3 f5 35. Nf2 Bc6 36. Nh3 1/2-1/2

[Event "Tula Region-ch Seniors"]
[Site "Tula"]
[Date "2007.09.16"]
[Round "2"]
[White "Albertin, Anatoly"]
[Black "Kramorev, Yuri"]
[Result "1-0"]
[WhiteElo "2172"]
[BlackElo "1965"]
[PlyCount "81"]
[EventDate "2007.09.15"]
[EventType "swiss"]
[EventRounds "9"]
[EventCountry "RUS"]
[SourceTitle "EXT 2009"]
[Source "ChessBase"]
[SourceDate "2008.11.26"]
[SourceVersion "1"]
[SourceVersionDate "2008.11.26"]
[SourceQuality "1"]

1. e4 e5 2. Nf3 Nc6 3. Bc4 d6 4. 0-0 Be7 5. d3 Nf6 6. c3 0-0 7. Nbd2 Na5 8. b4 Nxc4 9. Nxc4 Bg4 10. Ne3 Bd7 11. a4 c6 12. Qc2 Qc7 13. d4 Rac8 14. dxe5 dxe5 15. Nc4 Ng4 16. Rd1 Be6 17. Qe2 Rcd8 18. Bd2 Bxc4 19. Qxc4 Nf6 20. a5 b5 21. axb6 axb6 22. Ra2 b5 23. Qe2 Ra8 24. Rda1 Rxa2 25. Rxa2 Nd7 26. Be3 Rb8 27. Ra7 Rb7 28. Ra8+ Rb8 29. Qa2 Qb7 30. Ra7 Qc8 31. g3 Rb7 32. Ra8 Rb8 33. Ra5 h6 34. Qd2 Bf6 35. Qd6 Nb6 36. Bxb6 Rxb6 37. Nxe5 Qe6 38. Ra8+ Kh7 39. Qxe6 fxe6 40. Nd7 Rb7 41. Nf8+ 1-0